| 000 | 01164nam a2200217Ii 4500 | ||
|---|---|---|---|
| 003 | JO-AjNU | ||
| 008 | 230605s9999||||xx |||||||||||||| ||und|| | ||
| 017 | _a2003/3/472 | ||
| 040 |
_aJO-AjNU _bara _erda _cJO-AjNU |
||
| 041 | _aara | ||
| 050 | 1 | 4 | _aDS154.9.P48.M83 2003 |
| 100 | 3 |
_aمؤتمر التاريخ الاجتماعي لمنطقة البتراء وجوارها: الاستمرارية والتغير 28-23 /8/ 2002، بيت الأنباط؛ تحرير باسم الطويسي, _eauthor _910060 |
|
| 245 | 0 | 0 | _a مؤتمر التاريخ الاجتماعي لمنطقة البتراء وجوارها: الاستمرارية والتغير28-23 /8/ 2002: بيت الأنباط |
| 264 | 3 | 1 | _aالبتراء: بيت الانباط ، 2003 |
| 300 |
_a235ص باللغة العربية، 32ص باللغة الانجليزية _bصور توضيحية |
||
| 336 |
_atext _btxt _2rdacontent |
||
| 337 |
_aunmediated _bn _2rdamedia |
||
| 338 |
_avolume _bnc _2rdacarrier |
||
| 490 | 0 | _aمشروع بيت الانباط للتاليف والنشر؛ 5 | |
| 650 | 4 |
_a البتراء - الاردن - تاريخ - العصر الحديث - مؤتمرات _910061 |
|
| 999 |
_aA1616 _c5184 _d5184 |
||